00635 a2200181 4500001000700000003000400007005001700011008004100028082002300069100002200092245004900114260002800163300001000191690005800201942001200259999001300271952016900284066007OSt20210907110327.0  a791.43015082bC39F1 aChaudhuri, Sohini1 aFeminist film theoristscby Sohini Chaudhuri aLondonbRoutledgec2006 a148p. aFeminism and motion pictures; Feminist film criticism 2ddccBK c216d216 00102ddc40708TXBaCURAJbCURAJcENGd2012-03-07eENGfRawat jaipg898.00i1001/15-03-2010o791.43015082 C39Fp293r2024-11-21w2020-09-02yBKzRoutledge, London